000 00804cab a2200265 4500
001 ABS57972
008 090401t1997 xxu||||| |||| 00| 0 eng d
035 _a(Sirsi) u81983
041 _aeng
100 _aTurner, D.
245 _aSomeone is watching you
260 _c1997
350 _a0
490 _aTown & Country Planning
_v66(10) October 1997, 268-269(2)
520 _aAssesses the increase use of closed circuit television (CCTV) surveillance cameras within town and city centres. Examines the advantages and possible pitfalls of installing CCCTV.
650 _aCCTV
650 _aCITY CENTRES
650 _aSURVEILLANCE
650 _aTOWN CENTRES
690 _aPLANNING LAW AND PRACTICE
700 _aJones, P.
700 _aHillier, D.
942 _n0
948 _c11/11/1997
999 _c51698
_d51698